|
|
|
|
| LEADER |
00000nab#a22000007a#4500 |
| 001 |
arbauad041440 |
| 003 |
AR-BaUAD |
| 005 |
20250711113235.0 |
| 008 |
991111|||||||||###||||||b###|0###a|spa|| |
| 040 |
|
|
|a AR-BaUAD
|c AR-BaUAD
|b spa
|
| 100 |
|
|
|a Keir, Peter
|
| 245 |
|
|
|a Effects of computer mouse design and task on carpal tunnel pressure /
|c Peter Keir; Joel Bach; David Rempel;
|
| 300 |
0 |
|
|b fot., il., gráf., cuadros
|
| 653 |
|
|
|a ERGONOMIA
|
| 653 |
|
|
|a MEDICINA
|
| 653 |
|
|
|a CUERPO HUMANO
|
| 653 |
|
|
|a MOUSES
|
| 653 |
|
|
|a DISEÑO
|
| 653 |
|
|
|a DIBUJO
|
| 653 |
|
|
|a POSTURAS
|
| 653 |
|
|
|a DISEÑO INDUSTRIAL
|
| 700 |
1 |
|
|a Bach, Joel
|
| 700 |
1 |
|
|a Rempel, David
|
| 773 |
0 |
|
|t ERGONOMICS
|g no. 10 [oct. 1999], p. 1350-1360
|
| 942 |
|
|
|c ARTI
|
| 952 |
|
|
|0 0
|1 0
|4 0
|7 0
|9 86359
|a AR-BAuAD
|b AR-BAuAD
|d 2025-07-11
|l 0
|p AAQA041440
|r 2025-07-11 11:32:35
|w 2025-07-11
|y ARTI
|
| 990 |
|
|
|a DI199
|b TD
|
| 990 |
|
|
|a CS199
|b TD
|
| 998 |
|
|
|a AAQ
|b BIBUN76
|
| 999 |
|
|
|c 66032
|d 66032
|